[Event "Sachsen-Anhalt Verbandsliga 1920"]
[Site "Sachsen Anhalt"]
[Date "2019.12.08"]
[Round "4.1"]
[White "Enigk, Michael"]
[Black "Spreng, Simon"]
[Result "0-1"]
[WhiteElo "1758"]
[BlackElo "2158"]
[PlyCount "62"]
[EventDate "2019.09.29"]
[EventType "team-tourn"]
[EventRounds "9"]
[EventCountry "GER"]
[SourceTitle "EXT 2023"]
[Source "ChessBase"]
[SourceDate "2022.10.05"]
[SourceVersion "1"]
[SourceVersionDate "2022.10.05"]
[SourceQuality "1"]
[WhiteTeam "Piesteritz Gruen-Weiss"]
[BlackTeam "Dessau"]
[WhiteTeamCountry "GER"]
[BlackTeamCountry "GER"]

1. e4 Nf6 2. Nc3 d5 3. exd5 Nxd5 4. Nxd5 Qxd5 5. Qf3 Qc5 6. c3 e5 7. Qe3 Be6 8. Qxc5 Bxc5 9. d3 Be7 10. Be3 0-0 11. Be2 a5 12. Bf3 Nd7 13. d4 exd4 14. cxd4 Nf6 15. Ne2 Bd5 16. 0-0 Bxf3 17. gxf3 Nd5 18. Bd2 Rfd8 19. a3 Ra6 20. Nc3 Bf6 21. Be3 Re6 22. Nxd5 Rxd5 23. Rac1 c6 24. Rc5 Red6 25. b4 axb4 26. axb4 Bxd4 27. Bxd4 Rxd4 28. Re1 Rd1 29. Kf1 Kf8 30. b5 Rxe1+ 31. Kxe1 Rd5 0-1

[Event "Sachsen-Anhalt Verbandsliga 18/19"]
[Site "Sachsen Anhalt"]
[Date "2018.10.21"]
[Round "1.1"]
[White "Spreng, Simon"]
[Black "Praczyk, Karl"]
[Result "1-0"]
[WhiteElo "2211"]
[BlackElo "2031"]
[PlyCount "57"]
[EventDate "2018.10.21"]
[EventType "team-tourn"]
[EventRounds "9"]
[EventCountry "GER"]
[SourceTitle "EXT 2022"]
[Source "ChessBase"]
[SourceDate "2021.10.06"]
[SourceVersion "1"]
[SourceVersionDate "2021.10.06"]
[SourceQuality "1"]
[WhiteTeam "Dessau"]
[BlackTeam "Coethen Germania"]
[WhiteTeamCountry "GER"]
[BlackTeamCountry "GER"]

1. c4 g5 2. d4 c5 3. Bxg5 Bg7 4. dxc5 Bxb2 5. Nd2 Bxa1 6. Qxa1 f6 7. Be3 d5 8. Ngf3 Nc6 9. g3 e5 10. cxd5 Nb4 11. Qc1 Bf5 12. d6 Nc2+ 13. Kd1 Qa5 14. Nh4 Qa4 15. Nb3 Qxa2 16. Nxf5 Nxe3+ 17. Qxe3 Qb1+ 18. Nc1 Qxf5 19. Bg2 0-0-0 20. Nd3 Qd7 21. Kd2 Qb5 22. Rc1 Qa5+ 23. Kd1 Qa4+ 24. Ke1 Qd4 25. Qd2 e4 26. Qa5 Kd7 27. Qb5+ Ke6 28. Nf4+ Ke5 29. e3 1-0

[Event "Oberliga Ost-A 1718"]
[Site "Germany"]
[Date "2018.02.25"]
[Round "8.1"]
[White "Spreng, Simon"]
[Black "Zwahr, Paul"]
[Result "0-1"]
[WhiteElo "2235"]
[BlackElo "2306"]
[PlyCount "56"]
[EventDate "2017.10.22"]
[EventType "team-tourn"]
[EventRounds "11"]
[EventCountry "GER"]
[SourceTitle "EXT 2019"]
[Source "ChessBase"]
[SourceDate "2018.10.10"]
[SourceVersion "1"]
[SourceVersionDate "2018.10.10"]
[SourceQuality "1"]
[WhiteTeam "Dessau"]
[BlackTeam "Dresden Gruen Weiss"]
[WhiteTeamCountry "GER"]
[BlackTeamCountry "GER"]

1. d4 Nf6 2. Nc3 d5 3. Bg5 c5 4. e3 Nc6 5. Nf3 Bg4 6. Bxf6 gxf6 7. dxc5 e6 8. Be2 Bxc5 9. 0-0 Rg8 10. a3 f5 11. Kh1 Qf6 12. Nb5 0-0-0 13. b4 Be7 14. Qc1 Kb8 15. c4 Qg7 16. Rg1 Bf6 17. Ra2 dxc4 18. Qxc4 a6 19. a4 axb5 20. axb5 Bxf3 21. Bxf3 Ne5 22. Qc5 Nxf3 23. Qa7+ Kc7 24. Rc2+ Bc3 25. b6+ Kc6 26. b5+ Kc5 27. Qa3+ Kxb6 28. Rxc3 Qxg2+ 0-1

[Event "Oberliga Ost-A 1718"]
[Site "Germany"]
[Date "2018.02.04"]
[Round "7.1"]
[White "Schmidt Schaeffer, Sebastian"]
[Black "Spreng, Simon"]
[Result "1-0"]
[WhiteElo "2373"]
[BlackElo "2235"]
[PlyCount "97"]
[EventDate "2017.10.22"]
[EventType "team-tourn"]
[EventRounds "11"]
[EventCountry "GER"]
[SourceTitle "EXT 2019"]
[Source "ChessBase"]
[SourceDate "2018.10.10"]
[SourceVersion "1"]
[SourceVersionDate "2018.10.10"]
[SourceQuality "1"]
[WhiteTeam "Naumburg"]
[BlackTeam "Dessau"]
[WhiteTeamCountry "GER"]
[BlackTeamCountry "GER"]

1. d4 Nf6 2. e3 g6 3. Nf3 Bg7 4. Be2 0-0 5. 0-0 d6 6. c4 Nbd7 7. Nc3 e5 8. Qc2 Re8 9. a4 a5 10. b3 c6 11. Ba3 exd4 12. exd4 Nf8 13. d5 Nh5 14. Rae1 Nf4 15. Bd3 Rxe1 16. Rxe1 Bg4 17. Nd2 Qf6 18. Nde4 Qd4 19. Bf1 f5 20. Bxd6 fxe4 21. Nxe4 Nh5 22. Bc5 Qb2 23. Qd3 Nd7 24. Bd6 Ne5 25. Qe3 Nf7 26. dxc6 bxc6 27. c5 Be6 28. Nd2 Bd5 29. Nc4 Qc3 30. Nb6 Qxe3 31. Rxe3 Rd8 32. Bc7 Rf8 33. Nxd5 cxd5 34. Bxa5 Ne5 35. Bc7 Ng4 36. Rf3 Rc8 37. Bd6 Nhf6 38. h3 Nh6 39. b4 Nf5 40. Be5 Ne4 41. Ba6 Re8 42. Bxg7 Kxg7 43. Rd3 Rb8 44. f3 Rxb4 45. fxe4 dxe4 46. Rd7+ Kf6 47. c6 Rb1+ 48. Kf2 Rb2+ 49. Ke1 1-0

[Event "GER CupT sf3"]
[Site "Berlin Pankow"]
[Date "2015.03.22"]
[Round "4.4"]
[White "Bruchmann, Stephan"]
[Black "Spreng, Simon"]
[Result "0-1"]
[WhiteElo "2286"]
[BlackElo "2268"]
[PlyCount "118"]
[EventDate "2015.03.21"]
[EventType "team-k.o."]
[EventRounds "2"]
[EventCountry "GER"]
[SourceTitle "EXT 2019"]
[Source "ChessBase"]
[SourceDate "2018.10.10"]
[SourceVersion "1"]
[SourceVersionDate "2018.10.10"]
[SourceQuality "1"]
[WhiteTeam "Loeberitz"]
[BlackTeam "Pankow Rotation"]
[WhiteTeamCountry "GER"]
[BlackTeamCountry "GER"]

1. e4 Nf6 2. Nc3 d5 3. e5 Nfd7 4. d4 e6 5. f4 c5 6. Nf3 Nc6 7. Be3 a6 8. Qd2 Be7 9. Be2 0-0 10. 0-0 f6 11. exf6 Nxf6 12. dxc5 Ng4 13. Na4 Bd7 14. Nb6 Rb8 15. c3 Be8 16. Ng5 Nxe3 17. Qxe3 Bxg5 18. fxg5 Bf7 19. Bg4 Qe7 20. h4 Rbd8 21. Rae1 e5 22. Bd1 Kh8 23. Bb3 d4 24. cxd4 Bxb3 25. Rxf8+ Qxf8 26. Qxb3 exd4 27. Na4 d3 28. Rf1 Qe7 29. Kh1 Qe4 30. Qf7 Qxh4+ 31. Kg1 Qd4+ 32. Kh1 g6 33. Rf4 Qe5 34. Nc3 d2 35. Nd1 Qxg5 36. Rf1 Qh5+ 37. Kg1 Qxc5+ 38. Kh1 Qd4 39. Rf2 Qd3 40. Kg1 Qd4 41. g3 Qd6 42. Kh2 Ne5 43. Qf4 h5 44. Kg1 Kg7 45. Re2 Nf7 46. Qe3 Qd4 47. Kf1 Rd6 48. Qxd4+ Rxd4 49. Re7 b5 50. Re2 Kf6 51. Re3 Nd6 52. Nf2 a5 53. Ke2 a4 54. b3 g5 55. Rc3 g4 56. Rc6 Ke6 57. Rc5 Rd5 58. Rxd5 Kxd5 59. bxa4 bxa4 0-1

[Event "Oberliga Ost-A 1415"]
[Site "Germany"]
[Date "2014.11.09"]
[Round "4.6"]
[White "Paul, Mathias"]
[Black "Spreng, Simon"]
[Result "0-1"]
[WhiteElo "2207"]
[BlackElo "2263"]
[PlyCount "57"]
[EventDate "2014.09.21"]
[EventType "team-tourn"]
[EventRounds "11"]
[EventCountry "GER"]
[SourceTitle "EXT 2016"]
[Source "ChessBase"]
[SourceDate "2015.10.08"]
[SourceVersion "1"]
[SourceVersionDate "2015.10.08"]
[SourceQuality "1"]
[WhiteTeam "Plauen Koenig"]
[BlackTeam "Loeberitz"]
[WhiteTeamCountry "GER"]
[BlackTeamCountry "GER"]

1. Nf3 d5 2. g3 Nf6 3. Bg2 Bf5 4. d4 c6 5. 0-0 e6 6. b3 Be7 7. Bb2 Nbd7 8. Nbd2 h6 9. Ne5 0-0 10. c4 a5 11. Nxd7 Qxd7 12. c5 b6 13. cxb6 Qb7 14. e4 Nxe4 15. Nxe4 dxe4 16. Re1 Qxb6 17. Bxe4 Bxe4 18. Rxe4 a4 19. Re3 Rfd8 20. Qf3 Bf6 21. Rc1 Rd5 22. Rc4 Qb5 23. Qe2 a3 24. Bc3 Rad8 25. Re4 Qb7 26. Bb4 Bxd4 27. Bxa3 c5 28. Bc1 Rf5 29. Be3 0-1

[Event "Oberliga Ost-A 1314"]
[Site "Germany"]
[Date "2014.03.16"]
[Round "9.7"]
[White "Linnemann, Niklas"]
[Black "Spreng, Simon"]
[Result "0-1"]
[WhiteElo "1948"]
[BlackElo "2225"]
[PlyCount "102"]
[EventDate "2013.10.13"]
[EventType "team-tourn"]
[EventRounds "11"]
[EventCountry "GER"]
[SourceTitle "EXT 2015"]
[Source "ChessBase"]
[SourceDate "2014.11.20"]
[SourceVersion "1"]
[SourceVersionDate "2014.11.20"]
[SourceQuality "1"]
[WhiteTeam "Coswig"]
[BlackTeam "Loeberitz"]
[WhiteTeamCountry "GER"]
[BlackTeamCountry "GER"]

1. e4 d6 2. d4 Nf6 3. Nc3 g6 4. f4 Bg7 5. Nf3 0-0 6. Bd3 Na6 7. 0-0 c5 8. d5 Rb8 9. a4 Nb4 10. Bc4 e6 11. dxe6 Bxe6 12. Bxe6 fxe6 13. Ng5 Qe7 14. Qe2 Rbe8 15. e5 dxe5 16. fxe5 Nd7 17. Nf3 h6 18. Qe4 g5 19. Nb5 a6 20. Nd6 Rb8 21. c3 Nd5 22. Nc4 b5 23. Ne3 N7b6 24. a5 Nxe3 25. Bxe3 Nd5 26. Nd2 Qc7 27. Nb3 Rxf1+ 28. Rxf1 c4 29. Nc5 Qxe5 30. Qxe5 Bxe5 31. Bf2 Re8 32. Re1 Bc7 33. Nxa6 Bxa5 34. Nc5 Nf4 35. Bd4 Bb6 36. Re5 Bc7 37. Re4 e5 38. Nd7 Kf7 39. Nxe5+ Bxe5 40. Rxe5 Rxe5 41. Bxe5 Nd3 42. Bd4 h5 43. Kf1 Ke6 44. Ke2 Nxb2 45. Kf3 Kf5 46. h3 g4+ 47. Kg3 Nd3 48. Be3 gxh3 49. Kxh3 Nf4+ 50. Kh2 Ke4 51. Bb6 b4 0-1

[Event "Oberliga Ost-A 1314"]
[Site "Germany"]
[Date "2014.02.23"]
[Round "8.7"]
[White "Spreng, Simon"]
[Black "Kulke, Tobias"]
[Result "1/2-1/2"]
[WhiteElo "2225"]
[BlackElo "2120"]
[PlyCount "47"]
[EventDate "2013.10.13"]
[EventType "team-tourn"]
[EventRounds "11"]
[EventCountry "GER"]
[SourceTitle "EXT 2015"]
[Source "ChessBase"]
[SourceDate "2014.11.20"]
[SourceVersion "1"]
[SourceVersionDate "2014.11.20"]
[SourceQuality "1"]
[WhiteTeam "Loeberitz"]
[BlackTeam "Chemnitz"]
[WhiteTeamCountry "GER"]
[BlackTeamCountry "GER"]

1. d4 d5 2. Nf3 Nf6 3. c4 c6 4. cxd5 cxd5 5. Nc3 Nc6 6. Bf4 Bd7 7. e3 Qb6 8. a3 e6 9. Bd3 Rc8 10. Na4 Qa5+ 11. Nc3 Qb6 12. 0-0 Na5 13. Rb1 Be7 14. Ne5 h6 15. Nxd7 Nxd7 16. e4 dxe4 17. Bxe4 0-0 18. Bc2 Nf6 19. Qd3 Rfd8 20. d5 Nc4 21. Rfe1 Bd6 22. Bxd6 Qxd6 23. Ne4 Qxd5 24. Nxf6+ 1/2-1/2

[Event "Oberliga Ost-A 1314"]
[Site "Germany"]
[Date "2014.01.18"]
[Round "6.7"]
[White "Spreng, Simon"]
[Black "Heinemann, Josefine"]
[Result "1/2-1/2"]
[WhiteElo "2225"]
[BlackElo "2003"]
[PlyCount "92"]
[EventDate "2013.10.13"]
[EventType "team-tourn"]
[EventRounds "11"]
[EventCountry "GER"]
[SourceTitle "EXT 2015"]
[Source "ChessBase"]
[SourceDate "2014.11.20"]
[SourceVersion "1"]
[SourceVersionDate "2014.11.20"]
[SourceQuality "1"]
[WhiteTeam "Loeberitz"]
[BlackTeam "Magdeburg Aufbau Elbe"]
[WhiteTeamCountry "GER"]
[BlackTeamCountry "GER"]

1. c4 e5 2. Nc3 Nc6 3. Nf3 g6 4. d4 exd4 5. Nxd4 Bg7 6. Nxc6 bxc6 7. Qc2 Ne7 8. Bg5 d6 9. Rd1 0-0 10. e3 Be6 11. Be2 Rb8 12. 0-0 h6 13. Bh4 Qd7 14. f3 Rfe8 15. Rfe1 Nf5 16. Bf2 Rb7 17. Bd3 Qd8 18. b3 Qf6 19. Rc1 Qxc3 20. Qxc3 Bxc3 21. Rxc3 c5 22. Rc2 Ne7 23. e4 Nc6 24. f4 Nb4 25. Rd2 Nxd3 26. Rxd3 f6 27. Rde3 Kf7 28. e5 Bf5 29. h3 h5 30. Bh4 fxe5 31. fxe5 Re6 32. Kf2 Rb8 33. Kf3 dxe5 34. Rxe5 Rbe8 35. Kf4 Rxe5 36. Rxe5 Rxe5 37. Kxe5 Bb1 38. a3 Ba2 39. Kd5 Bxb3 40. Bf2 Ba4 41. Kxc5 Ke6 42. g3 Bd7 43. h4 a6 44. Be3 Be8 45. Kb4 Bc6 46. Bf4 Kd7 1/2-1/2

[Event "Oberliga Ost-A 1314"]
[Site "Germany"]
[Date "2013.11.24"]
[Round "4.7"]
[White "Spreng, Simon"]
[Black "Heyme, Sibylle"]
[Result "1-0"]
[WhiteElo "2225"]
[BlackElo "2041"]
[PlyCount "89"]
[EventDate "2013.10.13"]
[EventType "team-tourn"]
[EventRounds "11"]
[EventCountry "GER"]
[SourceTitle "EXT 2015"]
[Source "ChessBase"]
[SourceDate "2014.11.20"]
[SourceVersion "1"]
[SourceVersionDate "2014.11.20"]
[SourceQuality "1"]
[WhiteTeam "Loeberitz"]
[BlackTeam "Hoyerswerda"]
[WhiteTeamCountry "GER"]
[BlackTeamCountry "GER"]

1. d4 Nf6 2. g3 g6 3. Bg2 Bg7 4. e4 d6 5. Nc3 0-0 6. Nf3 Nbd7 7. e5 Ne8 8. 0-0 c6 9. Re1 dxe5 10. dxe5 Nc7 11. Qe2 Ne6 12. a4 a5 13. b3 Qc7 14. Bb2 Ndc5 15. Ne4 Nxe4 16. Qxe4 Bd7 17. Qe3 Rad8 18. Nd2 c5 19. Nc4 Bc8 20. Rad1 h5 21. f4 Bh6 22. Qe4 Rxd1 23. Rxd1 Rd8 24. Rxd8+ Nxd8 25. Bc3 b6 26. Qa8 Bf5 27. Ne3 Be6 28. Kf2 h4 29. Nd5 hxg3+ 30. hxg3 Bxd5 31. Qxd5 Bf8 32. Be4 e6 33. Qa8 Be7 34. Bd2 Kg7 35. Be3 f6 36. exf6+ Bxf6 37. Bd3 e5 38. Qe4 Qf7 39. Bc4 Qb7 40. Bd5 Qe7 41. Kg2 Qd6 42. c4 Nf7 43. f5 gxf5 44. Qxf5 Nh6 45. Qh5 1-0

[Event "Oberliga Ost-A 1314"]
[Site "Germany"]
[Date "2013.11.10"]
[Round "3.8"]
[White "Spreng, Simon"]
[Black "Kreyssig, Robert"]
[Result "1/2-1/2"]
[WhiteElo "2225"]
[BlackElo "2085"]
[PlyCount "63"]
[EventDate "2013.10.13"]
[EventType "team-tourn"]
[EventRounds "11"]
[EventCountry "GER"]
[SourceTitle "EXT 2015"]
[Source "ChessBase"]
[SourceDate "2014.11.20"]
[SourceVersion "1"]
[SourceVersionDate "2014.11.20"]
[SourceQuality "1"]
[WhiteTeam "Loeberitz"]
[BlackTeam "Leipzig SG"]
[WhiteTeamCountry "GER"]
[BlackTeamCountry "GER"]

1. c4 c5 2. g3 Nf6 3. Bg2 d5 4. cxd5 Nxd5 5. Nc3 Nc7 6. d3 e5 7. Be3 Be7 8. Rc1 Nd7 9. Nf3 0-0 10. 0-0 Rb8 11. a3 b6 12. Qa4 Bb7 13. b4 Ne6 14. Bh3 Bxf3 15. exf3 Nf6 16. Bxe6 fxe6 17. bxc5 Bxc5 18. Bxc5 bxc5 19. Qc4 Nd5 20. Rfe1 Rxf3 21. Ne4 Rb2 22. Qxc5 Qb6 23. Qxb6 Nxb6 24. Rc7 Rxd3 25. Rxa7 h6 26. a4 Rd4 27. a5 Nc4 28. a6 Nd2 29. Nxd2 Rdxd2 30. Ra8+ Kh7 31. a7 Ra2 32. Rf8 1/2-1/2

[Event "Oberliga Ost-A 1314"]
[Site "Germany"]
[Date "2013.11.09"]
[Round "2.8"]
[White "Schultz, Andreas"]
[Black "Spreng, Simon"]
[Result "1/2-1/2"]
[WhiteElo "2264"]
[BlackElo "2225"]
[PlyCount "89"]
[EventDate "2013.10.13"]
[EventType "team-tourn"]
[EventRounds "11"]
[EventCountry "GER"]
[SourceTitle "EXT 2015"]
[Source "ChessBase"]
[SourceDate "2014.11.20"]
[SourceVersion "1"]
[SourceVersionDate "2014.11.20"]
[SourceQuality "1"]
[WhiteTeam "Leipzig SG II"]
[BlackTeam "Loeberitz"]
[WhiteTeamCountry "GER"]
[BlackTeamCountry "GER"]

1. d4 Nf6 2. c4 e6 3. Nc3 Bb4 4. e3 0-0 5. Nge2 d5 6. a3 Bd6 7. g3 c6 8. cxd5 exd5 9. Bg2 Re8 10. 0-0 Bf5 11. b4 Nbd7 12. f3 a5 13. b5 Qb6 14. g4 Bg6 15. g5 Nh5 16. f4 f6 17. h4 Bf5 18. Bf3 g6 19. Kf2 Rad8 20. Rg1 Kh8 21. Bd2 Qc7 22. bxc6 bxc6 23. Na4 c5 24. Rc1 Qa7 25. Bxd5 cxd4 26. Nxd4 Nxf4 27. Nc6 Nd3+ 28. Kg2 Qa8 29. Qf3 Nxc1 30. Bxc1 Rc8 31. Bb2 Qa6 32. gxf6 Re5 33. f7 Qb5 34. Nxe5 Bxe5 35. Bxe5+ Nxe5 36. Qd1 Nxf7 37. e4 Rd8 38. Qd4+ Kg8 39. Bxf7+ Kxf7 40. Qxd8 Qe2+ 41. Kg3 Qe3+ 42. Kg2 Bxe4+ 43. Kf1 Qh3+ 44. Ke1 Qe3+ 45. Kf1 1/2-1/2

[Event "BL2-Nord 1213"]
[Site "Germany"]
[Date "2013.04.14"]
[Round "9.7"]
[White "Doberitz, Paul"]
[Black "Spreng, Simon"]
[Result "1-0"]
[WhiteElo "2237"]
[BlackElo "2245"]
[PlyCount "45"]
[EventDate "2012.10.14"]
[EventType "team-tourn"]
[EventRounds "9"]
[EventCountry "GER"]
[SourceTitle "CBM 154 Extra"]
[Source "ChessBase"]
[SourceDate "2013.06.25"]
[SourceVersion "2"]
[SourceVersionDate "2013.06.25"]
[SourceQuality "1"]
[WhiteTeam "Hamburger SK II"]
[BlackTeam "Loeberitz"]
[WhiteTeamCountry "GER"]
[BlackTeamCountry "GER"]

1. e4 Nf6 2. e5 Nd5 3. d4 d6 4. Nf3 g6 5. Be2 Bg7 6. 0-0 0-0 7. c4 Nb6 8. Nc3 Bg4 9. Be3 Nc6 10. exd6 cxd6 11. b3 e5 12. Rc1 Nd7 13. h3 Bxf3 14. Bxf3 exd4 15. Bxc6 dxe3 16. Bxb7 Rb8 17. Bd5 exf2+ 18. Rxf2 Qh4 19. Ne4 Nc5 20. Rxf7 Rxf7 21. Bxf7+ Kh8 22. Qxd6 Rf8 23. Nxc5 1-0

[Event "BL2-Nord 1213"]
[Site "Germany"]
[Date "2013.03.17"]
[Round "8.8"]
[White "Schimmer, Karsten"]
[Black "Spreng, Simon"]
[Result "1-0"]
[WhiteElo "2121"]
[BlackElo "2245"]
[PlyCount "106"]
[EventDate "2012.10.14"]
[EventType "team-tourn"]
[EventRounds "9"]
[EventCountry "GER"]
[SourceTitle "CBM 154 Extra"]
[Source "ChessBase"]
[SourceDate "2013.06.25"]
[SourceVersion "2"]
[SourceVersionDate "2013.06.25"]
[SourceQuality "1"]
[WhiteTeam "Werder Bremen II"]
[BlackTeam "Loeberitz"]
[WhiteTeamCountry "GER"]
[BlackTeamCountry "GER"]

1. c4 e5 2. Nc3 Bb4 3. Qc2 Nf6 4. g3 Nc6 5. e3 Bxc3 6. Qxc3 d5 7. d3 d4 8. Qa3 a5 9. e4 Nb4 10. Qb3 Nd7 11. a3 Nc6 12. Nf3 0-0 13. Bg2 a4 14. Qc2 Nc5 15. 0-0 f5 16. Nd2 Na5 17. Rb1 Ra6 18. f4 exf4 19. Rxf4 Kh8 20. exf5 Bxf5 21. Be4 Raf6 22. Bxf5 Rxf5 23. Nf3 Nab3 24. Rxf5 Rxf5 25. Qe2 Rf8 26. Bf4 Qf6 27. Rf1 Qe6 28. Qxe6 Nxe6 29. Be5 Kg8 30. Kg2 h6 31. Re1 g5 32. g4 c5 33. Bd6 Nf4+ 34. Bxf4 Rxf4 35. Kg3 Rf6 36. Re8+ Kf7 37. Ra8 Rb6 38. Ne5+ Kg7 39. Rxa4 Nc1 40. b4 Re6 41. Nf3 Nxd3 42. Ra7 Nf4 43. Rxb7+ Kf6 44. bxc5 d3 45. Rb6 Ke7 46. Rxe6+ Nxe6 47. Kf2 Nxc5 48. Ke3 Ke6 49. Kd4 Kd6 50. Ke3 Ke6 51. Ne1 d2 52. Kxd2 Ne4+ 53. Ke3 Nd6 1-0

[Event "Oberliga Ost-A 1112"]
[Site "Germany"]
[Date "2012.02.26"]
[Round "8.6"]
[White "Spreng, Simon"]
[Black "Schuh, Ruediger"]
[Result "1-0"]
[WhiteElo "2224"]
[BlackElo "2142"]
[PlyCount "89"]
[EventDate "2011.09.25"]
[EventType "team-tourn"]
[EventRounds "11"]
[EventCountry "GER"]
[SourceTitle "EXT 2013"]
[Source "ChessBase"]
[SourceDate "2012.11.22"]
[SourceVersion "1"]
[SourceVersionDate "2012.11.22"]
[SourceQuality "1"]
[WhiteTeam "Loeberitz"]
[BlackTeam "Hoyerswerda"]
[WhiteTeamCountry "GER"]
[BlackTeamCountry "GER"]

1. d4 Nf6 2. g3 g6 3. Bg2 Bg7 4. e4 d6 5. Nc3 0-0 6. h3 c6 7. Nge2 Nbd7 8. 0-0 e5 9. Be3 Re8 10. Re1 Qc7 11. Qd2 b5 12. a3 a6 13. g4 Nb6 14. b3 Bb7 15. Rad1 Rad8 16. Ng3 d5 17. dxe5 Nxe4 18. Ncxe4 dxe4 19. Qa5 Nd5 20. Qxc7 Nxc7 21. Nxe4 Rxd1 22. Rxd1 Bxe5 23. Nc5 Ba8 24. c4 Bb2 25. a4 b4 26. Rd7 Rc8 27. a5 Bg7 28. Na4 Ne6 29. Ra7 Rb8 30. Nb6 Bd4 31. Rxa8 Rxa8 32. Nxa8 Bxe3 33. fxe3 Nc5 34. Nc7 Nxb3 35. Nxa6 Nxa5 36. Nxb4 Nxc4 37. Kf2 c5 38. Nd3 Kg7 39. Nxc5 Ne5 40. Kg3 h6 41. Bd5 Kf6 42. Kf4 g5+ 43. Ke4 Ng6 44. Nd7+ Kg7 45. Ne5 1-0

[Event "Oberliga Ost-A 1112"]
[Site "Germany"]
[Date "2012.01.15"]
[Round "7.7"]
[White "Spreng, Simon"]
[Black "Kluge, Steffen"]
[Result "1-0"]
[WhiteElo "2224"]
[BlackElo "2006"]
[PlyCount "63"]
[EventDate "2011.09.25"]
[EventType "team-tourn"]
[EventRounds "11"]
[EventCountry "GER"]
[SourceTitle "EXT 2013"]
[Source "ChessBase"]
[SourceDate "2012.11.22"]
[SourceVersion "1"]
[SourceVersionDate "2012.11.22"]
[SourceQuality "1"]
[WhiteTeam "Loeberitz"]
[BlackTeam "Naumburg"]
[WhiteTeamCountry "GER"]
[BlackTeamCountry "GER"]

1. c4 c6 2. Nf3 Nf6 3. b3 d5 4. Bb2 Bf5 5. d3 e6 6. Nbd2 Bc5 7. g3 Ng4 8. d4 Be7 9. Bg2 Nd7 10. a3 h5 11. h3 Ngf6 12. b4 Ne4 13. c5 Qc7 14. Ne5 Nxd2 15. Qxd2 Nxe5 16. dxe5 g5 17. Bd4 a6 18. 0-0 Rg8 19. Rfc1 Bf8 20. a4 Rg6 21. Qb2 Bh6 22. Rc3 Ke7 23. Rb3 g4 24. h4 Rgg8 25. b5 axb5 26. axb5 cxb5 27. Rxb5 Rxa1+ 28. Qxa1 Rb8 29. Qa7 Kd7 30. c6+ Kc8 31. Bb6 Qxe5 32. c7 1-0

[Event "Oberliga Ost-A 1011"]
[Site "Germany"]
[Date "2010.11.14"]
[Round "3.7"]
[White "Spreng, Simon"]
[Black "Heyme, Sibylle"]
[Result "0-1"]
[WhiteElo "2242"]
[BlackElo "2123"]
[PlyCount "120"]
[EventDate "2010.10.24"]
[EventType "team-tourn"]
[EventRounds "11"]
[EventCountry "GER"]
[SourceTitle "EXT 2012"]
[Source "ChessBase"]
[SourceDate "2011.11.24"]
[SourceVersion "1"]
[SourceVersionDate "2011.11.24"]
[SourceQuality "1"]
[WhiteTeam "Loeberitz"]
[BlackTeam "Hoyerswerda"]
[WhiteTeamCountry "GER"]
[BlackTeamCountry "GER"]

1. c4 e5 2. Nc3 Nf6 3. Nf3 Nc6 4. e4 d6 5. d4 Bg4 6. d5 Nd4 7. Be2 Nxe2 8. Qxe2 g6 9. c5 a6 10. cxd6 cxd6 11. h3 Bd7 12. Be3 Rc8 13. Nd2 b5 14. a3 Be7 15. 0-0 0-0 16. Rfc1 Nh5 17. Na2 f5 18. exf5 Rxf5 19. Nb4 Ra8 20. Rc3 Bf8 21. Rac1 Nf4 22. Bxf4 Rxf4 23. Ne4 Bf5 24. Ng3 Bd7 25. Nc6 Qh4 26. Nf1 Bh6 27. Ne3 Raf8 28. Rf1 Qg5 29. Kh2 Rh4 30. f3 Qf4+ 31. Kg1 Qg3 32. Qe1 Qg5 33. Ng4 Bg7 34. Qc1 Qh5 35. Ne7+ Kh8 36. Rc7 Bf5 37. Nxf5 gxf5 38. Nf2 e4 39. fxe4 fxe4 40. Ng4 Bd4+ 41. Kh2 Rg8 42. Qd1 Be5+ 43. Nxe5 Qxe5+ 44. Kh1 Qxb2 45. Rf2 Qe5 46. Rff7 e3 47. Qd3 Qa1+ 48. Rf1 Qb2 49. Rc2 Qd4 50. Qf5 Rh6 51. Rf4 Qd1+ 52. Kh2 Rxh3+ 53. Qxh3 Qxc2 54. Qf3 Qg6 55. Re4 Re8 56. Rg4 Qh5+ 57. Kg1 Qe5 58. Qe2 Rc8 59. g3 Rc1+ 60. Kh2 Qh5+ 0-1

[Event "GER CupT"]
[Site "Germany"]
[Date "2010.02.21"]
[Round "2"]
[White "Spreng, Simon"]
[Black "Trenner, Rolf"]
[Result "1-0"]
[WhiteElo "2218"]
[BlackElo "2280"]
[PlyCount "99"]
[EventDate "2010.02.20"]
[EventType "team-tourn"]
[EventRounds "2"]
[EventCountry "GER"]
[SourceTitle "CBM 135 Extra"]
[Source "ChessBase"]
[SourceDate "2010.05.04"]
[SourceVersion "1"]
[SourceVersionDate "2010.05.04"]
[SourceQuality "1"]

1. c4 Nf6 2. g3 c6 3. Nf3 d5 4. b3 Bg4 5. Bg2 Nbd7 6. Bb2 Qb6 7. Qc2 e6 8. 0-0 Rd8 9. d3 Be7 10. a3 0-0 11. Nbd2 h6 12. b4 a5 13. Rfb1 axb4 14. axb4 Bxb4 15. Ba3 c5 16. Bxb4 cxb4 17. Ra4 Qc7 18. Raxb4 b6 19. Qb2 Bh5 20. cxd5 exd5 21. Nb3 Rfe8 22. Nbd4 Rc8 23. h3 Qc5 24. g4 Bg6 25. Qd2 Qc3 26. Qf4 Qc7 27. Qxc7 Rxc7 28. Nb5 Rc5 29. Nfd4 Rec8 30. f4 Rc1+ 31. Kf2 Rxb1 32. Rxb1 Rc5 33. Ra1 Kf8 34. Bf3 Ne8 35. h4 Ke7 36. h5 Bh7 37. Ra7 g6 38. hxg6 fxg6 39. Ke3 Bg8 40. g5 hxg5 41. fxg5 Nd6 42. Bg4 Nxb5 43. Rxd7+ Ke8 44. Rb7 Nxd4 45. Kxd4 Rc1 46. Rb8+ Kf7 47. Rxb6 Kg7 48. Be6 Bh7 49. Rb7+ Kh8 50. Rd7 1-0

[Event "Oberliga Ost-A 0910"]
[Site "Germany"]
[Date "2010.01.24"]
[Round "7.7"]
[White "Von Hassel, Ulf"]
[Black "Spreng, Simon"]
[Result "0-1"]
[WhiteElo "2079"]
[BlackElo "2218"]
[PlyCount "88"]
[EventDate "2009.10.18"]
[EventType "team-tourn"]
[EventRounds "11"]
[EventCountry "GER"]
[SourceTitle "EXT 2011"]
[Source "ChessBase"]
[SourceDate "2010.11.26"]
[SourceVersion "1"]
[SourceVersionDate "2010.11.26"]
[SourceQuality "1"]
[WhiteTeam "Magdeburg Rochade"]
[BlackTeam "Loeberitz"]
[WhiteTeamCountry "GER"]
[BlackTeamCountry "GER"]

1. e4 Nf6 2. Nc3 d6 3. d4 g6 4. Be3 c6 5. h3 Bg7 6. Qd2 0-0 7. Nf3 Nbd7 8. Bd3 e5 9. dxe5 dxe5 10. 0-0 Qe7 11. Ne2 Re8 12. b4 b6 13. Ng3 Bb7 14. c3 c5 15. b5 Rad8 16. Qc2 h6 17. a4 c4 18. Bxc4 Nc5 19. Nd2 Rd7 20. f3 Ne6 21. Rfd1 Nf4 22. Ndf1 Rc7 23. Qa2 Rec8 24. Nd2 h5 25. Ngf1 h4 26. Kh2 N6h5 27. Bxf4 Nxf4 28. Ne3 Qg5 29. Ng4 Bf8 30. Bxf7+ Rxf7 31. Nc4 Kg7 32. Ncxe5 Re7 33. Nd7 Kh8 34. Nxf8 Rxf8 35. Rd6 Bc8 36. Rad1 Bxg4 37. hxg4 Qe5 38. Kh1 h3 39. gxh3 Rh7 40. Rd8 Rxh3+ 41. Kg1 Qc5+ 42. Qf2 Ne2+ 43. Kf1 Ng3+ 44. Kg2 Rh2+ 0-1